[Event "41st World U20 ch"]
[Site "Panaji IND"]
[Date "2002.12.19"]
[Round "12.27"]
[White "Kjartansson, David"]
[Black "Poliakov, Dmitry"]
[Result "0-1"]
[WhiteElo "2224"]
[BlackElo "2290"]
[EventDate "2002.12.09"]
[PlyCount "92"]

1.d4 d5 2.Nf3 Nf6 3.Bg5 e6 4.e3 Be7 5.Bd3 Nbd7 6.Nbd2 c5 7.c3 Qb6 8.b3 Nf8
9.O-O Ng6 10.Ne5 Nxe5 11.dxe5 Ng8 12.Bf4 Bd7 13.c4 h5 14.h3 g5 15.Bh2 g4 
16.hxg4 hxg4 17.Qxg4 O-O-O 18.Rfd1 Nh6 19.Qf3 Rdg8 20.Bg3 Rg4 21.cxd5 exd5
22.e4 d4 23.Nc4 Qg6 24.Nd6+ Bxd6 25.exd6 Nf5 26.e5 Qh6 27.Kf1 Rxg3 28.fxg3
Ne3+ 29.Kf2 Ng4+ 30.Ke2 Re8 31.Qf4 Rxe5+ 32.Kd2 Qxd6 33.Rac1 Kb8 34.Rh1 a6
35.Qxf7 Ka7 36.Rh7 Bc6 37.Qf4 Qd5 38.Rg1 Ne3 39.Qf7 Qd8 40.Qg6 Qa5+ 41.Kc1
Qxa2 42.Bc4 Qa1+ 43.Kd2 Qb2+ 44.Ke1 Nd5+ 45.Kf1 Qc1+ 46.Kf2 Qe3+ 0-1

[Event "41st World U20 ch"]
[Site "Panaji IND"]
[Date "2002.12.19"]
[Round "12.28"]
[White "Gozzoli, Yannick"]
[Black "Borchgrevink, Harald"]
[Result "1-0"]
[WhiteElo "2377"]
[BlackElo "2174"]
[EventDate "2002.12.09"]
[PlyCount "143"]

1.Nf3 Nf6 2.c4 e6 3.g3 d5 4.Bg2 Be7 5.O-O O-O 6.d4 c6 7.Nc3 b6 8.Bf4 Bb7 
9.Ne5 Nbd7 10.Qa4 Nxe5 11.dxe5 Nd7 12.Rad1 Bg5 13.cxd5 exd5 14.Bxg5 Qxg5 
15.f4 Qe7 16.e4 b5 17.Qd4 b4 18.exd5 c5 19.Qe3 bxc3 20.d6 Qe8 21.Bxb7 Rb8 
22.Bc6 cxb2 23.Rb1 Rb6 24.Bd5 Rxd6 25.Rfd1 Rb6 26.Qc3 Qe7 27.Rd2 Rc8 28.
Bc4 Rbb8 29.Rbxb2 Rxb2 30.Rxb2 Nb6 31.Rd2 Nxc4 32.Qxc4 g6 33.Rd6 Qc7 34.h4
Rb8 35.Kh2 Rb2+ 36.Kh3 Qc8+ 37.e6 Rb6 38.Rxb6 axb6 39.f5 fxe6 40.fxe6 Qe8 
41.e7+ Kg7 42.Qe6 c4 43.Qxb6 Qxe7 44.Qd4+ Qf6 45.Qxc4 Qf3 46.Qd4+ Kg8 47.
Qf4 Qh1+ 48.Kg4 Qd1+ 49.Qf3 Qa4+ 50.Kg5 Qxa2 51.Qd1 Qf7 52.Qd8+ Kg7 53.
Qd4+ Kg8 54.Qe5 Qd7 55.Qb8+ Kg7 56.Qb2+ Kg8 57.Kh6 Qc7 58.Qa1 Qe7 59.Qa8+ 
Kf7 60.Qf3+ Kg8 61.Qb3+ Kf8 62.Qc3 Kg8 63.Qc8+ Kf7 64.Qh8 Qe3+ 65.Kxh7 
Qxg3 66.Qg7+ Ke8 67.h5 g5 68.Qg6+ Kf8 69.Qf6+ Ke8 70.Qc6+ Kf7 71.Qd7+ Kf8 
72.Kg6 1-0

[Event "41st World U20 ch"]
[Site "Panaji IND"]
[Date "2002.12.19"]
[Round "12.29"]
[White "Nikhilesh, Kumar"]
[Black "Macak, Stefan"]
[Result "0-1"]
[WhiteElo "2182"]
[BlackElo "2246"]
[EventDate "2002.12.09"]
[PlyCount "84"]

1.e4 e6 2.d4 d5 3.Nd2 Nf6 4.e5 Nfd7 5.f4 c5 6.c3 Nc6 7.Ndf3 Qa5 8.Kf2 cxd4
9.cxd4 Qb6 10.g3 f6 11.Kg2 Be7 12.Bd3 O-O 13.Ne2 fxe5 14.fxe5 Rd8 15.Ng5 
Nf8 16.Rf1 Bd7 17.Qc2 Bxg5 18.Bxg5 Rdc8 19.Qd2 Ng6 20.h4 Rf8 21.h5 Nge7 
22.g4 Rae8 23.Rac1 Qd8 24.b4 Rxf1 25.Rxf1 Rf8 26.b5 Rxf1 27.bxc6 Qf8 28.
Bf4 Rxf4 29.Nxf4 Nxc6 30.Kg3 Qb4 31.Qc2 Qxd4 32.Bxh7+ Kf8 33.Ng6+ Ke8 34.
Qe2 Qg1+ 35.Kh3 Nd4 36.Qg2 Qe3+ 37.Qg3 Nf3 38.Kg2 Bc6 39.Qf4 Ne1+ 40.Kh2 
Qe2+ 41.Kh3 Qg2+ 42.Kh4 Nf3+ 0-1

[Event "41st World U20 ch"]
[Site "Panaji IND"]
[Date "2002.12.19"]
[Round "12.30"]
[White "Phoobalan, P."]
[Black "Kosmo, Santul"]
[Result "1-0"]
[WhiteElo "2227"]
[BlackElo "2145"]
[EventDate "2002.12.09"]
[PlyCount "67"]

1.e4 c5 2.Nf3 d6 3.d4 cxd4 4.Nxd4 Nf6 5.Nc3 g6 6.Be3 Bg7 7.f3 Nc6 8.Qd2 
O-O 9.Bc4 Bd7 10.O-O-O Qa5 11.Nb3 Qc7 12.h4 Rfc8 13.h5 Nxh5 14.Nd5 Qd8 15.
Bg5 Be6 16.g4 Bxd5 17.Bxd5 Nf6 18.Bxc6 bxc6 19.Qh2 Qb6 20.Kb1 a5 21.f4 a4 
22.e5 axb3 23.exf6 bxc2+ 24.Kxc2 exf6 25.Qxh7+ Kf8 26.Bh6 Bxh6 27.Qxh6+ 
Ke7 28.Rhe1+ Kd7 29.Qg7 Qc5+ 30.Kb1 Qc4 31.b3 Rcb8 32.Qxf6 Rxa2 33.Re7+ 
Kc8 34.Qh8# 1-0

[Event "41st World U20 ch"]
[Site "Panaji IND"]
[Date "2002.12.19"]
[Round "12.31"]
[White "Ravichandran, Siddharth"]
[Black "Jagadish, H. D."]
[Result "1/2-1/2"]
[WhiteElo "2223"]
[BlackElo "2130"]
[EventDate "2002.12.09"]
[PlyCount "60"]

1.b3 d5 2.Bb2 c5 3.Nf3 Nc6 4.e3 Nf6 5.Be2 e6 6.O-O Be7 7.d4 O-O 8.Nbd2 b6 
9.c4 cxd4 10.exd4 Bb7 11.Rc1 Ne4 12.a3 Nxd2 13.Qxd2 Na5 14.Qc3 Bf6 15.Rfd1
Rc8 16.Qe3 Ba6 17.Nd2 Re8 18.Ba1 Qc7 19.c5 Bxe2 20.Qxe2 Nc6 21.Nf3 Na5 22.
b4 Nc4 23.Qd3 b5 24.Re1 a6 25.Rc2 a5 26.a4 bxa4 27.b5 Qd7 28.b6 Qc6 29.Ra2
a3 30.Nd2 e5 1/2-1/2

[Event "41st World U20 ch"]
[Site "Panaji IND"]
[Date "2002.12.19"]
[Round "12.32"]
[White "Vuilleumier, Alexandre"]
[Black "Soumya, Ranjan Mishra"]
[Result "1/2-1/2"]
[WhiteElo "2193"]
[BlackElo "2207"]
[EventDate "2002.12.09"]
[PlyCount "95"]

1.e4 c5 2.Nf3 e6 3.d4 cxd4 4.Nxd4 Nc6 5.Nb5 Nf6 6.N1c3 Bb4 7.a3 Bxc3+ 8.
Nxc3 d5 9.exd5 exd5 10.Bd3 d4 11.Ne4 Nxe4 12.Bxe4 Bf5 13.Bxf5 Qa5+ 14.Bd2 
Qxf5 15.Qe2+ Qe6 16.Qxe6+ fxe6 17.O-O-O O-O 18.f3 Rfc8 19.Rhe1 Kf7 20.Re4 
b5 21.Be1 Rc7 22.Bg3 Rd7 23.Rd3 Rc8 24.Kd1 Rd5 25.Bf2 Rcd8 26.Ke2 g5 27.g4
e5 28.Bg3 Kf6 29.Be1 R8d7 30.c3 Nd8 31.cxd4 exd4 32.Rdxd4 Ne6 33.Rxd5 Rxd5
34.Bc3+ Kf7 35.Re5 Nf4+ 36.Ke3 a6 37.Rxd5 Nxd5+ 38.Kd4 Ke6 39.Kc5 Nxc3 40.
bxc3 Ke5 41.Kb6 Kd5 42.Ka5 Kc5 43.h3 h6 44.Kxa6 Kc6 45.Ka7 Kc7 46.Ka8 Kc8 
47.Ka7 Kc7 48.Ka6 1/2-1/2

[Event "41st World U20 ch"]
[Site "Panaji IND"]
[Date "2002.12.19"]
[Round "12.33"]
[White "Lim Yee Weng"]
[Black "Naveen, R."]
[Result "1-0"]
[WhiteElo "2202"]
[BlackElo "2099"]
[EventDate "2002.12.09"]
[PlyCount "151"]

1.e4 e5 2.Nc3 Nf6 3.f4 d6 4.Nf3 Nc6 5.Bb5 Bg4 6.d3 a6 7.Bxc6+ bxc6 8.fxe5 
dxe5 9.Be3 Nd7 10.h3 Bh5 11.O-O Bd6 12.Qe1 O-O 13.Ne2 Bg6 14.Nh4 Bc5 15.
Bxc5 Nxc5 16.Nf3 Qd6 17.Qc3 f6 18.b3 Ne6 19.Kh1 c5 20.Rae1 Nd4 21.Nh4 Bf7 
22.Nf5 Nxf5 23.Rxf5 Be6 24.Rf3 Rf7 25.Ng3 g6 26.Qd2 Raf8 27.Qe3 Qd4 28.Ne2
Qxe3 29.Rxe3 Bd7 30.Nc3 Bc6 31.Kg1 Kg7 32.Kf2 Rd7 33.Ke2 Kf7 34.Kd2 Ke6 
35.Nb1 Rb8 36.Kc3 Rb4 37.Nd2 Rb8 38.a3 Bb5 39.Rf3 Rf7 40.g4 Rbf8 41.Nf1 
Bc6 42.Ne3 Ba8 43.Rf2 Bc6 44.Ref1 Be8 45.a4 c6 46.Kc4 Kd6 47.Kc3 Ke6 48.h4
Bd7 49.h5 Be8 50.Rh2 Rg8 51.hxg6 hxg6 52.Rh6 Rgg7 53.Rfh1 Re7 54.Rh8 Kd6 
55.Rf8 Rgf7 56.Rhh8 Rxf8 57.Rxf8 Bf7 58.Nc4+ Kc7 59.a5 Rd7 60.Nb6 Re7 61.
Rc8+ Kb7 62.Rf8 Kc7 63.Nc4 Rd7 64.Kd2 Re7 65.Ke3 Rd7 66.Kf3 Re7 67.Nb6 Kb7
68.Nc8 Rd7 69.Rxf7 Kxc8 70.Rxf6 Kb7 71.Rxg6 c4 72.bxc4 Rf7+ 73.Ke2 Rh7 74.
g5 Rh2+ 75.Kd1 Rg2 76.c5 1-0

[Event "41st World U20 ch"]
[Site "Panaji IND"]
[Date "2002.12.19"]
[Round "12.34"]
[White "Kafka, Graeme"]
[Black "Dutta, Sayantan"]
[Result "0-1"]
[WhiteElo "2108"]
[BlackElo "2275"]
[EventDate "2002.12.09"]
[PlyCount "126"]

1.e4 e6 2.d4 d5 3.e5 c5 4.c3 Nc6 5.Nf3 Bd7 6.Be2 Nge7 7.Na3 cxd4 8.cxd4 
Nf5 9.Nc2 Nb4 10.O-O Nxc2 11.Qxc2 Qb6 12.Be3 Be7 13.g4 Nxe3 14.fxe3 O-O 
15.Bd3 h6 16.Qe2 Rac8 17.Kh1 a6 18.g5 Bb5 19.gxh6 Bxd3 20.Qxd3 g6 21.Rg1 
Kh7 22.h4 Qxb2 23.Rab1 Qf2 24.Rbf1 Qc2 25.Ng5+ Bxg5 26.Qxc2 Rxc2 27.hxg5 
Rxa2 28.Rg2 Ra3 29.Rgf2 Kg8 30.h7+ Kh8 31.Rxf7 Rxf7 32.Rxf7 b5 33.Kg2 Rxe3
34.Kf2 Rd3 35.Ra7 Rxd4 36.Rxa6 Kxh7 37.Rxe6 Re4 38.Re7+ Kg8 39.e6 Re5 40.
Rb7 Rxe6 41.Rxb5 Re5 42.Rb7 Rxg5 43.Ke3 Rf5 44.Rd7 g5 45.Ra7 Kf8 46.Rb7 
Ke8 47.Rg7 Kf8 48.Rb7 Rf7 49.Rb5 Rd7 50.Kd4 Kf7 51.Rb6 Kg7 52.Ra6 Kh7 53.
Rf6 Kg7 54.Ra6 Rd8 55.Rb6 Kf7 56.Ra6 g4 57.Rb6 g3 58.Rb1 Kf6 59.Rg1 Rg8 
60.Kxd5 Kf5 61.Kd4 Kf4 62.Rf1+ Kg4 63.Ke3 Re8+ 0-1

[Event "41st World U20 ch"]
[Site "Panaji IND"]
[Date "2002.12.19"]
[Round "12.35"]
[White "Pereira, Edgar"]
[Black "Thakur, Akash"]
[Result "1-0"]
[WhiteElo "2049"]
[BlackElo "2257"]
[EventDate "2002.12.09"]
[PlyCount "79"]

1.e4 e5 2.Nf3 Nc6 3.Bb5 a6 4.Ba4 Nf6 5.O-O Be7 6.Re1 b5 7.Bb3 O-O 8.a4 b4 
9.a5 d6 10.d3 Be6 11.Nbd2 Qd7 12.Ba4 Qe8 13.Qe2 Bd7 14.Bb3 h6 15.Nf1 Be6 
16.Ba4 Bd7 17.Bb3 Qd8 18.Ne3 Re8 19.Nd5 Nxd5 20.Bxd5 Rb8 21.d4 Nxd4 22.
Nxd4 exd4 23.Qxa6 Bb5 24.Qa7 c6 25.Bb3 c5 26.Bd5 Qc8 27.Bf4 Bc6 28.a6 Bxd5
29.exd5 Qd8 30.h3 Kf8 31.b3 Rc8 32.Qb7 Rc7 33.Qb6 Qb8 34.Qxd6 Bxd6 35.
Bxd6+ Kg8 36.Rxe8+ Qxe8 37.Bxc7 c4 38.a7 Qa8 39.d6 cxb3 40.cxb3 1-0

[Event "41st World U20 ch"]
[Site "Panaji IND"]
[Date "2002.12.19"]
[Round "12.36"]
[White "Byomakesh, Nayak"]
[Black "Singh, Rishipal"]
[Result "0-1"]
[WhiteElo "2136"]
[BlackElo "2252"]
[EventDate "2002.12.09"]
[PlyCount "134"]

1.d4 f5 2.e4 fxe4 3.Nc3 Nf6 4.Bg5 Nc6 5.d5 Ne5 6.Qd4 Nf7 7.Bxf6 exf6 8.
O-O-O f5 9.f3 Bd6 10.fxe4 Be5 11.Qd3 f4 12.Nf3 O-O 13.Be2 d6 14.Rdg1 Qe7 
15.Nd4 Bd7 16.g3 Qf6 17.Ne6 Bxe6 18.dxe6 Qxe6 19.gxf4 Bxf4+ 20.Kb1 Ne5 21.
Qd5 Qxd5 22.exd5 a6 23.Rf1 Be3 24.Nd1 Bb6 25.c4 Bd4 26.Kc2 c6 27.dxc6 bxc6
28.Nc3 Bxc3 29.Kxc3 Rxf1 30.Rxf1 c5 31.Rd1 Rd8 32.Rf1 g6 33.a3 a5 34.b4 
axb4+ 35.axb4 cxb4+ 36.Kxb4 Kg7 37.Kc3 Ra8 38.Kb3 Nd7 39.Rd1 Nc5+ 40.Kb2 
Ra6 41.Rf1 h6 42.Rf3 Rb6+ 43.Kc2 Na4 44.Kc1 g5 45.h3 Rc6 46.Kd2 Nb6 47.Rc3
Nd7 48.Bf3 Rc5 49.Bd5 Nb6 50.Be6 Kf6 51.Bg8 Rc8 52.Rd3 Ke5 53.Bf7 Nxc4+ 
54.Ke2 Rc5 55.Kf3 d5 56.Bg8 d4 57.Kg4 Ne3+ 58.Kh5 Rc3 59.Rd2 Nf5 60.Rh2 d3
61.Bh7 Rc2 62.Rh1 Ng3+ 63.Kxh6 Nxh1 64.Bxd3 Rc3 65.Bf1 Kf4 66.Bg2 Nf2 67.
Kh5 Nxh3 0-1

[Event "41st World U20 ch"]
[Site "Panaji IND"]
[Date "2002.12.19"]
[Round "12.37"]
[White "Akshayraj, Kore"]
[Black "Cruz, Wilson"]
[Result "1/2-1/2"]
[WhiteElo "2167"]
[BlackElo "2021"]
[EventDate "2002.12.09"]
[PlyCount "112"]

1.e4 Nf6 2.e5 Nd5 3.d4 d6 4.Nf3 Bg4 5.Be2 e6 6.O-O dxe5 7.Nxe5 Bxe2 8.Qxe2
c6 9.c4 Nb6 10.Re1 Be7 11.Nc3 O-O 12.Be3 N8d7 13.Rad1 Nxe5 14.dxe5 Qc7 15.
Qg4 Rfd8 16.Bh6 g6 17.Rxd8+ Rxd8 18.h4 Nd7 19.Qg3 Nc5 20.Bg5 Rd3 21.Re3 
Rxe3 22.Qxe3 Bf8 23.h5 Nd7 24.hxg6 hxg6 25.Ne4 Bg7 26.f4 Qb6 27.Qxb6 axb6 
28.Nd6 Nc5 29.b4 Nd7 30.Nxb7 Bf8 31.a3 b5 32.c5 Bg7 33.Nd8 Nb8 34.Be7 Bf8 
35.Bd6 Bxd6 36.cxd6 Kf8 37.Nb7 Nd7 38.Na5 c5 39.bxc5 Nxc5 40.Nc6 Ke8 41.
Nd4 Nd3 42.g3 g5 43.Nxb5 gxf4 44.gxf4 Nxf4 45.a4 Nd3 46.a5 Nxe5 47.a6 Nd7 
48.Kf2 Nb6 49.Kf3 Kd7 50.a7 f6 51.Kg4 Kc6 52.Kh5 e5 53.Kg4 e4 54.Kf4 f5 
55.Ke5 e3 56.Nd4+ Kb7 1/2-1/2

[Event "41st World U20 ch"]
[Site "Panaji IND"]
[Date "2002.12.19"]
[Round "12.38"]
[White "Sangma, Rahul"]
[Black "Pratik Shriwas, R."]
[Result "1-0"]
[WhiteElo "2214"]
[BlackElo "2148"]
[EventDate "2002.12.09"]
[PlyCount "137"]

1.e4 c5 2.c3 Nf6 3.d3 e5 4.f4 d6 5.Nf3 Nc6 6.g3 Bg4 7.Bg2 Be7 8.O-O O-O 9.
h3 Bxf3 10.Qxf3 Nd7 11.f5 Bg5 12.Nd2 b5 13.h4 Bh6 14.Qf2 Kh8 15.g4 Bxd2 
16.Bxd2 f6 17.Kh2 Qc7 18.Rh1 Rab8 19.g5 Ne7 20.Kg1 Ng8 21.Be3 a6 22.Qd2 
Rfc8 23.Bf3 Rb7 24.Kf2 Rcb8 25.b3 Qc8 26.Rag1 Qf8 27.Ke1 a5 28.c4 Ra8 29.
Bd1 Raa7 30.Rg2 Nb8 31.gxf6 Nxf6 32.h5 h6 33.cxb5 Rxb5 34.Rhg1 Nc6 35.Rg6 
Kh7 36.R1g3 Rf7 37.Kf1 Rbb7 38.Rg2 Ra7 39.Kg1 Nd4 40.R2g3 d5 41.Bxd4 cxd4 
42.Bf3 dxe4 43.Bxe4 Qb4 44.Qe2 Rac7 45.Kh2 Rc3 46.Rg2 Qa3 47.Qe1 Qc1 48.
Qg3 Qf4 49.Qxf4 exf4 50.Rf2 Nxe4 51.dxe4 f3 52.Rd6 Rfc7 53.Rxd4 Rc2 54.
Rdd2 Rc1 55.Kg3 Re1 56.Kxf3 Rc3+ 57.Kf4 Rce3 58.Rd4 Rh3 59.Rg2 Rxh5 60.Rd7
Rf1+ 61.Ke5 Rg5 62.Rxg5 hxg5 63.Ke6 g4 64.e5 g3 65.f6 Rg1 66.Rxg7+ Kh8 67.
Rg4 g2 68.Rh4+ Kg8 69.f7+ 1-0

[Event "41st World U20 ch"]
[Site "Panaji IND"]
[Date "2002.12.19"]
[Round "12.40"]
[White "Pradeep, T. S."]
[Black "Arjun Tiwari, Deepak"]
[Result "1-0"]
[WhiteElo "2111"]
[BlackElo "2154"]
[EventDate "2002.12.09"]
[PlyCount "111"]

1.e4 Nc6 2.Nc3 g6 3.d4 Bg7 4.Be3 d6 5.Bc4 e5 6.Nge2 Nh6 7.f3 f5 8.Qd2 f4 
9.Bf2 g5 10.O-O-O Nf7 11.Kb1 exd4 12.Nxd4 Nxd4 13.Bxf7+ Kxf7 14.Bxd4 Be6 
15.Nd5 Bxd5 16.exd5 Re8 17.h4 Bxd4 18.Qxd4 Kg8 19.g3 fxg3 20.Qg4 Re2 21.
Qxg3 Qf6 22.hxg5 Qf5 23.Rc1 Rf8 24.Qh4 Rg2 25.f4 Rf7 26.Rhe1 Rg4 27.Re8+ 
Rf8 28.Rxf8+ Kxf8 29.Qh6+ Kf7 30.Qh5+ Kg8 31.Re1 Qe4 32.Rh1 Rg2 33.Ka1 Re2
34.Qh4 Qxc2 35.Rb1 Qf5 36.g6 Qxg6 37.Qd8+ Kf7 38.Qxc7+ Re7 39.Qc4 Qe4 40.
Qb5 a6 41.Qf1 Qf5 42.Qg2 Ke8 43.Qg8+ Qf8 44.Qg4 Qg7 45.Qc8+ Kf7 46.Qf5+ 
Kg8 47.Qc8+ Qf8 48.Qg4+ Kh8 49.Rc1 Qe8 50.Qg3 Re3 51.Qh4 Qe7 52.Rc8+ Kg7 
53.Qg4+ Kh6 54.a3 Qf6 55.Rc2 Rxa3+ 56.Kb1 1-0

[Event "41st World U20 ch"]
[Site "Panaji IND"]
[Date "2002.12.19"]
[Round "12.43"]
[White "Sanchit, Agarwal"]
[Black "Phanikanth, J. S. S."]
[Result "0-1"]
[WhiteElo "2004"]
[BlackElo "2012"]
[EventDate "2002.12.09"]
[PlyCount "44"]

1.e4 e5 2.Nf3 Nf6 3.d4 Nxe4 4.Bd3 d5 5.Nxe5 Be7 6.O-O O-O 7.Nd2 Nxd2 8.
Bxd2 Nc6 9.Nxc6 bxc6 10.Re1 Bf6 11.c3 Be6 12.Qa4 Qd6 13.Qc2 h6 14.Qc1 Rfe8
15.Bf4 Qd7 16.Re3 Bg5 17.Re1 Bf6 18.Qe3 Bh4 19.Bxh6 gxh6 20.Qxh6 Bd8 21.
Bh7+ Kh8 22.Re3 Bg5 0-1

[Event "41st World U20 ch"]
[Site "Panaji IND"]
[Date "2002.12.20"]
[Round "13.2"]
[White "McShane, Luke"]
[Black "Berkes, Ferenc"]
[Result "1-0"]
[WhiteElo "2546"]
[BlackElo "2545"]
[EventDate "2002.12.09"]
[PlyCount "97"]

1.d4 d5 2.c4 e6 3.Nc3 Be7 4.cxd5 exd5 5.Bf4 c6 6.e3 Bf5 7.Nge2 Nf6 8.Ng3 
Bg6 9.h4 h5 10.Be2 Nbd7 11.Bf3 Qa5 12.a3 Nb6 13.b4 Qa6 14.Be2 Nc4 15.Bg5 
Rd8 16.Ra2 Rd6 17.Qb3 b5 18.a4 Qb7 19.axb5 cxb5 20.Bf3 a6 21.Bxf6 Bxf6 22.
Nge2 O-O 23.Nf4 Rfd8 24.Nxh5 Bxh5 25.Bxh5 Qe7 26.Ne2 Bxh4 27.Kf1 Bg5 28.
Bf3 g6 29.Nc1 Kg7 30.Nd3 Re8 31.Re2 Qf6 32.Nc5 Rdd8 33.Rh3 Qf5 34.Kg1 Be7 
35.Nxa6 Bd6 36.Ra2 g5 37.g4 Qf6 38.Qd3 Rh8 39.Rxh8 Rxh8 40.Qf5 Qh6 41.Bxd5
Bh2+ 42.Kf1 Nd6 43.Qf3 Qg6 44.e4 Bf4 45.Nc5 Nc4 46.Ke2 Qf6 47.Ra7 Rf8 48.
e5 Qb6 49.Rb7 1-0

[Event "41st World U20 ch"]
[Site "Panaji IND"]
[Date "2002.12.20"]
[Round "13.3"]
[White "Timofeev, Artiom"]
[Black "Erenburg, Sergey"]
[Result "1-0"]
[WhiteElo "2558"]
[BlackElo "2494"]
[EventDate "2002.12.09"]
[PlyCount "131"]

1.e4 c6 2.Nf3 d5 3.Nc3 Bg4 4.h3 Bxf3 5.Qxf3 e6 6.g3 Nd7 7.Bg2 Ngf6 8.d4 
dxe4 9.Nxe4 Nxe4 10.Qxe4 Nf6 11.Qd3 Bb4+ 12.c3 Be7 13.Qe2 a5 14.a4 Qc7 15.
O-O O-O 16.Re1 Rfd8 17.h4 Rd7 18.h5 h6 19.Bf4 Bd6 20.Be3 Rad8 21.Rad1 Be7 
22.Bf3 b6 23.Kg2 c5 24.Bf4 Qc8 25.Be5 cxd4 26.Rxd4 Rxd4 27.Bxd4 Bc5 28.Be5
Bd6 29.Bxf6 gxf6 30.Qe3 Qc5 31.Qxh6 Qg5 32.Qxg5+ fxg5 33.Rd1 Kf8 34.g4 Ke7
35.h6 Rh8 36.Rh1 Be5 37.h7 Bg7 38.Be4 Rd8 39.Kf3 Bh8 40.Ke2 Kf6 41.Rh3 Ke5
42.Bd3 Kf6 43.Re3 Ke7 44.Re4 Rc8 45.Kd2 Kd6 46.Re3 Ke7 47.Bb5 Rc7 48.b4 
Bg7 49.Kc2 axb4 50.c4 Rc8 51.Kb3 Rh8 52.Rh3 f5 53.f3 fxg4 54.fxg4 Bd4 55.
Kxb4 Kf6 56.Bc6 Kg7 57.Be4 Rf8 58.Rd3 e5 59.Kb5 Rc8 60.Rh3 Rc5+ 61.Kb4 Rc8
62.Bf5 Rd8 63.Kb5 Ra8 64.Be4 Rc8 65.a5 bxa5 66.c5 1-0

[Event "41st World U20 ch"]
[Site "Panaji IND"]
[Date "2002.12.20"]
[Round "13.4"]
[White "Ganguly, Surya Shekhar"]
[Black "Miton, Kamil"]
[Result "1-0"]
[WhiteElo "2531"]
[BlackElo "2564"]
[EventDate "2002.12.09"]
[PlyCount "57"]

1.e4 c5 2.Nf3 Nc6 3.d4 cxd4 4.Nxd4 e5 5.Nb5 d6 6.N1c3 a6 7.Na3 b5 8.Nd5 
Nf6 9.c4 Nd4 10.cxb5 Nxd5 11.exd5 g6 12.Be3 Nf5 13.bxa6 Bd7 14.Qb3 Nxe3 
15.Qxe3 Bg7 16.Be2 Qa5+ 17.Qd2 Rxa6 18.Bxa6 Qxa6 19.Rc1 O-O 20.Rc7 Ba4 21.
Rc4 Rb8 22.O-O e4 23.Rb4 Re8 24.Nc4 Bd7 25.b3 f5 26.Rb6 Qa7 27.a4 Qc7 28.
Qb4 Bd4 29.Rb7 1-0

[Event "41st World U20 ch"]
[Site "Panaji IND"]
[Date "2002.12.20"]
[Round "13.5"]
[White "Wojtaszek, Radoslaw"]
[Black "Bu Xiangzhi"]
[Result "0-1"]
[WhiteElo "2452"]
[BlackElo "2601"]
[EventDate "2002.12.09"]
[PlyCount "152"]

1.d4 d5 2.c4 c6 3.Nf3 Nf6 4.Qc2 g6 5.Bf4 Bg7 6.e3 O-O 7.Nc3 c5 8.Rd1 Qa5 
9.dxc5 dxc4 10.Bxc4 Qxc5 11.Bb3 Bf5 12.e4 Bg4 13.Nd5 Nbd7 14.Nxf6+ Bxf6 
15.Qxc5 Nxc5 16.e5 Bg7 17.Bc2 Rac8 18.Bg3 Nd7 19.Be4 Nc5 20.Bc2 Nd7 21.Be4
Bxf3 22.Bxf3 Nxe5 23.Bxe5 Bxe5 24.Bxb7 Rc2 25.Bd5 Rxb2 26.O-O e6 27.Bb3 
Bc7 28.Rc1 Bb6 29.Rc2 Rxc2 30.Bxc2 Rc8 31.Bb3 Rc5 32.Re1 h5 33.h4 Kg7 34.
g3 Kf6 35.Kg2 Rb5 36.Re2 Rb4 37.Rc2 Rd4 38.Rc4 Rd3 39.Rc2 e5 40.Re2 Rd4 
41.Kf3 Rd7 42.Rc2 Kg7 43.Ke2 e4 44.Rc4 f5 45.Rc3 Ba5 46.Rc2 Rd6 47.Bc4 Bb6
48.Bb5 f4 49.gxf4 Rf6 50.f3 Rxf4 51.fxe4 Rxe4+ 52.Kf3 Rxh4 53.Rg2 Kf6 54.
Kg3 g5 55.Rc2 Re4 56.Rc6+ Ke5 57.Rh6 Re3+ 58.Kg2 h4 59.a4 Ra3 60.Bd7 Kd5 
61.Rh5 Kd6 62.Bb5 Rg3+ 63.Kh2 Be3 64.Rh6+ Kc5 65.Bd7 Kb4 66.Rh7 a5 67.Rh8 
Kb3 68.Rb8+ Ka3 69.Rh8 Bf4 70.Kh1 Rd3 71.Bb5 Rd2 72.Bc6 Kb4 73.Kg1 Kc5 74.
Rc8 Kb6 75.Bf3 h3 76.Rc6+ Ka7 0-1

[Event "41st World U20 ch"]
[Site "Panaji IND"]
[Date "2002.12.20"]
[Round "13.6"]
[White "Inarkiev, Ernesto"]
[Black "Ghaem Maghami, Ehsan"]
[Result "1-0"]
[WhiteElo "2556"]
[BlackElo "2511"]
[EventDate "2002.12.09"]
[PlyCount "101"]

1.e4 c5 2.Nf3 e6 3.Nc3 a6 4.d4 cxd4 5.Nxd4 Qc7 6.Bd3 Nf6 7.O-O Be7 8.Qe2 
d6 9.Kh1 b5 10.Bd2 Bb7 11.a4 bxa4 12.Rxa4 O-O 13.Nb3 Nfd7 14.f4 Nb6 15.
Raa1 Nc6 16.Bxa6 Bxa6 17.Rxa6 Rxa6 18.Qxa6 Nb4 19.Qb5 Qc4 20.Na5 Qc5 21.
Nb3 Qxb5 22.Nxb5 Nxc2 23.Rc1 Rc8 24.Ba5 Na4 25.N5d4 Nxb2 26.Rxc2 Rxc2 27.
Nxc2 Nd3 28.Kg1 Nxf4 29.Bb4 Nd3 30.Ba3 Kf8 31.Na5 Ke8 32.Nc4 Kd7 33.Kf1 h5
34.Ke2 Nf4+ 35.Kf3 g5 36.g3 Nh3 37.Nd4 g4+ 38.Ke3 Bg5+ 39.Ke2 Bf6 40.Nb5 
d5 41.exd5 exd5 42.Bb2 Bxb2 43.Nxb2 Ng5 44.Nd4 Ke7 45.Nd3 Kf6 46.Nf4 h4 
47.gxh4 Ne4 48.Ke3 Ke5 49.Nd3+ Kf6 50.Ne2 Kg6 51.Ng3 1-0

[Event "41st World U20 ch"]
[Site "Panaji IND"]
[Date "2002.12.20"]
[Round "13.7"]
[White "Smerdon, David"]
[Black "Harikrishna, Pentala"]
[Result "0-1"]
[WhiteElo "2382"]
[BlackElo "2551"]
[EventDate "2002.12.09"]
[PlyCount "80"]

1.e4 c5 2.Nf3 Nc6 3.Nc3 d6 4.Bb5 a6 5.Bxc6+ bxc6 6.d3 e5 7.Nd2 Ne7 8.Nc4 
Ng6 9.Qe2 Be7 10.g3 Rb8 11.a4 Nf8 12.Nd1 Ne6 13.c3 a5 14.Nde3 g6 15.Ng2 f6
16.h4 Ba6 17.f4 d5 18.exd5 cxd5 19.fxe5 dxc4 20.exf6 Qd5 21.fxe7 cxd3 22.
Qf2 Kxe7 23.O-O Bb7 24.Qf7+ Kd6 25.Bf4+ Nxf4 26.Qxf4+ Kd7 27.Qf7+ Qxf7 28.
Rxf7+ Ke6 29.Rf2 Bxg2 30.Kxg2 Rhf8 31.Rd2 c4 32.Re1+ Kd5 33.Re7 Rbe8 34.
Rxe8 Rxe8 35.Kf3 h6 36.Rh2 Re1 37.h5 g5 38.Rd2 g4+ 39.Kf2 Re5 40.Rd1 Re2+ 
0-1

[Event "41st World U20 ch"]
[Site "Panaji IND"]
[Date "2002.12.20"]
[Round "13.8"]
[White "Ni Hua"]
[Black "Kristjansson, Stefan"]
[Result "1-0"]
[WhiteElo "2545"]
[BlackElo "2431"]
[EventDate "2002.12.09"]
[PlyCount "108"]

1.e4 e6 2.d4 d5 3.e5 c5 4.c3 Nc6 5.Nf3 Bd7 6.Be2 Nge7 7.Na3 cxd4 8.cxd4 
Nf5 9.Nc2 Qb6 10.O-O a5 11.Kh1 Rc8 12.g4 Nfe7 13.Nh4 Nb4 14.Nxb4 axb4 15.
f4 h5 16.gxh5 g6 17.a4 bxa3 18.bxa3 Rc4 19.Be3 Ba4 20.Qd2 Qc6 21.Qe1 Bc2 
22.hxg6 Nxg6 23.Nxg6 Be4+ 24.Bf3 Bxg6 25.Bg2 Bf5 26.Rc1 Rxc1 27.Qxc1 Qxc1 
28.Rxc1 Kd7 29.a4 Be7 30.Bf2 Bh4 31.Bxh4 Rxh4 32.Rf1 Kc6 33.Bf3 Kb6 34.Bd1
Rh3 35.Kg1 Ka5 36.Rf2 Rc3 37.Rd2 Be4 38.h4 Rh3 39.Rh2 Rg3+ 40.Kf2 Rd3 41.
Bh5 Rxd4 42.Bxf7 Bf5 43.h5 Rxf4+ 44.Kg3 Rxa4 45.h6 Ra3+ 46.Kf4 Bh7 47.Bxe6
d4 48.Bf5 Bxf5 49.Kxf5 Rf3+ 50.Ke4 Rf8 51.h7 Rh8 52.Kxd4 b5 53.e6 Ka4 54.
e7 b4 1-0

[Event "41st World U20 ch"]
[Site "Panaji IND"]
[Date "2002.12.20"]
[Round "13.9"]
[White "Potkin, Vladimir"]
[Black "Azarov, Sergei"]
[Result "1-0"]
[WhiteElo "2495"]
[BlackElo "2520"]
[EventDate "2002.12.09"]
[PlyCount "79"]

1.e4 e5 2.Nf3 Nc6 3.Bb5 a6 4.Bxc6 dxc6 5.O-O Qd6 6.Na3 b5 7.c3 c5 8.Nc2 
Bb7 9.Re1 Ne7 10.a4 Rd8 11.axb5 axb5 12.d4 cxd4 13.cxd4 exd4 14.Qxd4 Nc6 
15.Qd5 Qc5 16.Qb3 Be7 17.Bf4 O-O 18.Ne3 Nd4 19.Nxd4 Rxd4 20.Rec1 Qb6 21.
Bxc7 Qg6 22.f3 Bg5 23.Rd1 Qe6 24.Nd5 Rc4 25.Bg3 Qc6 26.h4 Bd8 27.Rd2 Kh8 
28.Rad1 Ba5 29.Rd3 h6 30.Kh2 Re8 31.Ne3 Bc7 32.Bxc7 Qxc7+ 33.Kg1 Qc5 34.
Kh1 Bxe4 35.Rd8 Rxd8 36.Rxd8+ Kh7 37.Nxc4 bxc4 38.Qb8 Qe7 39.Rh8+ Kg6 40.
Qg3+ 1-0

[Event "41st World U20 ch"]
[Site "Panaji IND"]
[Date "2002.12.20"]
[Round "13.10"]
[White "Vioreanu, Bogdan"]
[Black "Paragua, Mark"]
[Result "0-1"]
[WhiteElo "2379"]
[BlackElo "2476"]
[EventDate "2002.12.09"]
[PlyCount "98"]

1.d4 Nf6 2.c4 g6 3.Nc3 Bg7 4.Nf3 O-O 5.Bg5 c5 6.d5 d6 7.e4 h6 8.Bd2 a6 9.
a4 e5 10.Be2 Kh7 11.h4 Qe8 12.g4 Kh8 13.g5 Nh5 14.Qc1 Nf4 15.Bxf4 exf4 16.
Qxf4 h5 17.Qxd6 Nd7 18.Bd3 f5 19.gxf6 Bxf6 20.Ng5 Ne5 21.O-O-O Bxg5+ 22.
hxg5 Bg4 23.Qxc5 Bxd1 24.Rxd1 Rc8 25.Qd4 Qe7 26.d6 Qxg5+ 27.Kb1 Qf6 28.Be2
Nc6 29.Qe3 Qf4 30.Qb6 Qxf2 31.c5 Qf7 32.d7 Rb8 33.Qc7 Qe7 34.Bxa6 Qd8 35.
Qxd8 Nxd8 36.Bc4 Nc6 37.Nb5 Ne5 38.Be6 Kg7 39.Nc7 Kf6 40.Bh3 Nc6 41.Rd6+ 
Kf7 42.Ne6 Rg8 43.Ng5+ Ke7 44.e5 Ra8 45.Bg2 Nd8 46.Bd5 Rg7 47.b3 Ra5 48.
Ne6 Ra8 49.Bxb7 g5 0-1

[Event "41st World U20 ch"]
[Site "Panaji IND"]
[Date "2002.12.20"]
[Round "13.11"]
[White "Mastrovasilis, Dimitrios"]
[Black "Kidambi, Sundararajan"]
[Result "1-0"]
[WhiteElo "2461"]
[BlackElo "2408"]
[EventDate "2002.12.09"]
[PlyCount "95"]

1.e4 e5 2.Nf3 Nc6 3.Bb5 a6 4.Bxc6 dxc6 5.Nc3 f6 6.d3 Be6 7.Ng1 Bd6 8.Nge2 
Ne7 9.Be3 O-O 10.Qd2 f5 11.exf5 Nxf5 12.Bg5 Qe8 13.Ng3 Nd4 14.Nce4 Qg6 15.
O-O Bd5 16.Be3 Nf5 17.Nxf5 Rxf5 18.f3 Raf8 19.Qe2 h6 20.a3 R5f7 21.b4 Kh7 
22.Rab1 Rd8 23.a4 Be7 24.a5 Bxe4 25.fxe4 Rxf1+ 26.Qxf1 Bg5 27.Bc5 Rd7 28.
Qf5 Qxf5 29.exf5 Bd2 30.Kf2 Kg8 31.Ke2 Bc3 32.Ke3 Kf7 33.Rb3 Bd4+ 34.Ke4 
Rd5 35.c3 Bxc5 36.bxc5 Rxc5 37.c4 Rxa5 38.Rxb7 Kf6 39.Rxc7 Rc5 40.g4 g6 
41.h4 gxf5+ 42.gxf5 h5 43.Rh7 a5 44.Ra7 a4 45.Rxa4 Ke7 46.Ra7+ Kf6 47.Rh7 
Ra5 48.Rh6+ 1-0